The family of woman : lesbian mothers, their children and the undoing of gender /

Uloženo v:
Podrobná bibliografie
Hlavní autor: Sullivan, Maureen, (1963- ) (Autor)
Médium: Kniha
Jazyk:angličtina
Vydáno: Berkeley [etc.] : University of California Press, c2004
Tagy: Přidat tag
Žádné tagy, Buďte první, kdo vytvoří štítek k tomuto záznamu!

MARC

LEADER 00000nam a22000007i 4500
001 IT\ICCU\UBO\2547775
003 ItRI
005 20260115231818.0
008 040927s2004 xxu|||||| ||||| |||||c
020 |a 0520239636 
040 |b ita  |c importazione bologna sebina 
041 7 |a eng  |2 ISO-639-2 
100 1 |a Sullivan, Maureen,  |d  (1963- )  |0 IT\ICCU\UBOV\911534  |4 aut 
245 1 4 |a The family of woman :  |b lesbian mothers, their children and the undoing of gender /  |c Maureen Sullivan. 
260 |a Berkeley [etc.] :  |b University of California Press,  |c c2004 
300 |a XI, 312 p. ;  |c 24 cm 
500 |a Segue: Families by the bay : the study design, method and participants. 
942 |2 ddc  |c BK  |n 0 
952 |0 0  |1 0  |4 0  |6 L_306_874000000000000_SUL  |7 0  |9 13294  |a BO  |b BO  |d 2026-01-15  |i 8649  |l 0  |o L 306.874 SUL  |p BO8649  |r 2026-01-15 23:18:18  |w 2026-01-15  |x [Sebina 5] [1 v.]  |y BK  |z 1 v. 
999 |c 11414  |d 11414